| 000 | 00420nam a2200145Ia 4500 | ||
|---|---|---|---|
| 008 | 220216s9999 xx 000 0 und d | ||
| 100 | _aScurati Alberto | ||
| 245 | 4 | _aThe Hysteresis temperature and strain dependences in filled rubbers | |
| 260 |
_bRubber Chemistry and Technology _c2006 |
||
| 300 | _a170-197 | ||
| 650 | _aFilled rubbers | ||
| 650 | _aHysteresis temperature | ||
| 700 | _aLin Chency J | ||
| 942 | _cJS | ||
| 999 |
_c70741 _d70741 |
||